[Event "Africa-ch U12"]
[Site "Windhoek"]
[Date "2019.12.20"]
[Round "7.1"]
[White "Khaled, Yousef"]
[Black "Simpson, Michael"]
[Result "0-1"]
[WhiteElo "1935"]
[BlackElo "1580"]
[PlyCount "84"]
[EventDate "2019.12.16"]
[EventType "swiss"]
[EventRounds "9"]
[EventCountry "NAM"]
[SourceTitle "EXT 2024"]
[Source "ChessBase"]
[SourceDate "2023.10.10"]
[SourceVersion "1"]
[SourceVersionDate "2023.10.10"]
[SourceQuality "1"]

1. e4 c5 2. Nf3 e6 3. d4 cxd4 4. Nxd4 Nc6 5. Nc3 Qc7 6. Ndb5 Qb8 7. Be3 a6 8. Nd4 Nf6 9. Bd3 Be7 10. 0-0 0-0 11. Na4 Qc7 12. Qd2 d5 13. Nxc6 bxc6 14. Nb6 Rb8 15. Nxc8 Qxc8 16. e5 Nd7 17. Qe2 a5 18. Rab1 Qc7 19. f4 c5 20. c3 Rfd8 21. Rf3 c4 22. Bc2 Bc5 23. Bd4 Qb6 24. Rd1 Bxd4+ 25. cxd4 Qxb2 26. Rb1 Qxd4+ 27. Kh1 Rxb1+ 28. Bxb1 Nc5 29. f5 Rb8 30. Bc2 exf5 31. Rxf5 Ne4 32. Qf1 Rb2 33. e6 f6 34. g4 Rb6 35. Qf4 Rxe6 36. g5 Qa1+ 37. Kg2 Qb2 38. Kf3 Qxc2 39. Rxd5 Nxg5+ 40. Kg3 Qc3+ 41. Kg2 Re2+ 42. Kf1 Qe1# 0-1

[Event "Africa-ch U12"]
[Site "Windhoek"]
[Date "2019.12.20"]
[Round "8.4"]
[White "Oabile, Romeo"]
[Black "Khaled, Yousef"]
[Result "0-1"]
[WhiteElo "1206"]
[BlackElo "1935"]
[PlyCount "51"]
[EventDate "2019.12.16"]
[EventType "swiss"]
[EventRounds "9"]
[EventCountry "NAM"]
[SourceTitle "EXT 2024"]
[Source "ChessBase"]
[SourceDate "2023.10.10"]
[SourceVersion "1"]
[SourceVersionDate "2023.10.10"]
[SourceQuality "1"]

1. e4 e6 2. Nf3 d5 3. exd5 exd5 4. Be2 Nf6 5. 0-0 Bd6 6. Re1 0-0 7. d3 h6 8. Nbd2 Be6 9. c3 c5 10. Nf1 Nc6 11. a4 Qc7 12. h3 Rad8 13. Be3 Rfe8 14. Rc1 b6 15. Qc2 Bf5 16. Qd2 Qd7 17. Bd1 d4 18. cxd4 cxd4 19. Bxd4 Rxe1 20. Qxe1 Nxd4 21. Nxd4 Bf4 22. Ne3 Bxd3 23. Nc6 Re8 24. Qd2 Ne4 25. Bg4 Qxc6 26. Qe1 0-1

[Event "Africa-ch U12"]
[Site "Windhoek"]
[Date "2019.12.19"]
[Round "5.3"]
[White "Khaled, Yousef"]
[Black "Thakersee, Akshay"]
[Result "1-0"]
[WhiteElo "1935"]
[BlackElo "1240"]
[PlyCount "118"]
[EventDate "2019.12.16"]
[EventType "swiss"]
[EventRounds "9"]
[EventCountry "NAM"]
[SourceTitle "EXT 2024"]
[Source "ChessBase"]
[SourceDate "2023.10.10"]
[SourceVersion "1"]
[SourceVersionDate "2023.10.10"]
[SourceQuality "1"]

1. e4 c5 2. Nf3 e6 3. d4 cxd4 4. Nxd4 a6 5. Nc3 Qc7 6. Be3 Nf6 7. f3 Bb4 8. Qd2 d5 9. e5 Qxe5 10. Be2 Qc7 11. a3 Bd6 12. Nb3 Nc6 13. g4 0-0 14. 0-0-0 b5 15. h4 b4 16. axb4 Bxb4 17. Kb1 a5 18. Nb5 Qb7 19. c3 Be7 20. h5 a4 21. Nc5 Qb8 22. Qc2 a3 23. b3 Nd7 24. Nxd7 Bxd7 25. f4 Na5 26. Nd4 Nc4 27. Bxc4 dxc4 28. Ka1 Bc5 29. b4 Ba4 30. Qe4 Bxd1 31. Nc6 Qb7 32. Bxc5 Qd7 33. Ne7+ Kh8 34. h6 g6 35. Qd4+ Qxd4 36. Bxd4+ f6 37. Rxd1 Rf7 38. Nc6 Kg8 39. Re1 Re8 40. b5 Rb7 41. b6 Kf7 42. Na5 Rd7 43. Nxc4 Rb8 44. Rb1 a2 45. Kxa2 Ra8+ 46. Kb2 Rb8 47. Kc2 g5 48. fxg5 e5 49. gxf6 exd4 50. Ne5+ Ke6 51. Nxd7 Kxd7 52. cxd4 Ke6 53. g5 Kf7 54. b7 Kg6 55. Rb5 Kf7 56. Kd3 Ke6 57. Ke4 Kf7 58. Kf5 Kf8 59. d5 Kf7 1-0

[Event "Africa-ch U12"]
[Site "Cairo"]
[Date "2017.12.05"]
[Round "5.1"]
[White "Benyahia, Safine"]
[Black "Khaled, Yousef"]
[Result "0-1"]
[WhiteElo "1394"]
[BlackElo "1670"]
[PlyCount "58"]
[EventDate "2017.12.03"]
[EventType "swiss"]
[EventRounds "9"]
[EventCountry "EGY"]
[SourceTitle "EXT 2024"]
[Source "ChessBase"]
[SourceDate "2023.10.10"]
[SourceVersion "1"]
[SourceVersionDate "2023.10.10"]
[SourceQuality "1"]

1. e4 e6 2. d4 d5 3. exd5 exd5 4. Bd3 Nf6 5. Nf3 Be7 6. 0-0 0-0 7. Nc3 Nc6 8. h3 h6 9. Re1 Be6 10. Bf4 a6 11. a3 Bd6 12. Bxd6 Qxd6 13. Bf1 b6 14. Ne5 Ne7 15. Ne2 c5 16. c3 Ne4 17. Nf4 Nc6 18. Bd3 f5 19. Qh5 cxd4 20. Nxc6 Qxc6 21. cxd4 Rae8 22. a4 b5 23. axb5 axb5 24. Ra5 Qb6 25. Rxb5 Qxd4 26. Qf3 Bf7 27. Bxe4 fxe4 28. Qe3 Qxe3 29. Rxe3 d4 0-1

[Event "Africa-ch U12"]
[Site "Cairo"]
[Date "2017.12.03"]
[Round "1.3"]
[White "Sudalaimuthu, Anish Sukumar"]
[Black "Khaled, Yousef"]
[Result "1/2-1/2"]
[WhiteElo "1411"]
[BlackElo "1670"]
[PlyCount "46"]
[EventDate "2017.12.03"]
[EventType "swiss"]
[EventRounds "9"]
[EventCountry "EGY"]
[SourceTitle "EXT 2024"]
[Source "ChessBase"]
[SourceDate "2023.10.10"]
[SourceVersion "1"]
[SourceVersionDate "2023.10.10"]
[SourceQuality "1"]

1. e4 e6 2. d4 d5 3. exd5 exd5 4. Bd3 Nf6 5. Nf3 Be7 6. 0-0 0-0 7. Bf4 Nc6 8. c3 Bg4 9. Nbd2 Re8 10. Re1 Qd7 11. Qc2 h6 12. Rab1 Bd6 13. Bxd6 Qxd6 14. Qb3 b6 15. Qc2 Nh5 16. h3 Bd7 17. Bf5 Nf4 18. Nf1 Na5 19. b3 c5 20. dxc5 bxc5 21. Ng3 Bb5 22. Qd2 c4 23. Nd4 Ba6 1/2-1/2

[Event "Africa-ch U10"]
[Site "Port Elizabeth"]
[Date "2016.08.23"]
[Round "3"]
[White "Khaled, Yousef"]
[Black "Van Schaik, Migael"]
[Result "1-0"]
[WhiteElo "1520"]
[BlackElo "1180"]
[PlyCount "40"]
[EventDate "2016.08.22"]
[EventType "swiss"]
[EventRounds "9"]
[EventCountry "RSA"]
[SourceTitle "CBM 174 Extra"]
[Source "ChessBase"]
[SourceDate "2016.10.10"]
[SourceVersion "1"]
[SourceVersionDate "2016.10.10"]
[SourceQuality "1"]

1. e4 e5 2. Nf3 Nc6 3. Nc3 Nf6 4. Be2 Bc5 5. Nxe5 Nxe5 6. d4 Ng6 7. 0-0 0-0 8. dxc5 Qe7 9. Qd4 d6 10. cxd6 Qxd6 11. Qxd6 cxd6 12. Be3 a6 13. Rfd1 Rd8 14. Nd5 Nxd5 15. Rxd5 Be6 16. Rd2 Ne7 17. c3 Rac8 18. Rad1 d5 19. exd5 Rxd5 20. Rxd5 Bxd5 1-0